| 000 -LEADER |
| fixed length control field |
00541nam a22001817a 4500 |
| 008 - FIXED-LENGTH DATA ELEMENTS--GENERAL INFORMATION |
| fixed length control field |
150529b xxu||||| |||| 00| 0 eng d |
| 020 ## - INTERNATIONAL STANDARD BOOK NUMBER |
| International Standard Book Number |
0070356629 : |
| 041 0# - LANGUAGE CODE |
| Language code of text/sound track or separate title |
eng |
| 080 ## - UNIVERSAL DECIMAL CLASSIFICATION NUMBER |
| Universal Decimal Classification number |
338 |
| 100 1# - Rafti |
| Rafti |
Kuriloff, Arthur H. |
| 245 10 - TITLE STATEMENT |
| Title |
Starting and managing the small business / |
| Statement of responsibility, etc |
Arthur H. Kuriloff, John M. Hemphill, Jr. |
| 260 ## - |
| -- |
New York : |
| -- |
McGraw-Hill, |
| -- |
c1983. |
| 300 ## - |
| -- |
592, [48] f. : |
| -- |
me il.; |
| -- |
25 cm. |
| 500 ## - |
| -- |
Preface: f.11-16 |
| 650 #0 - |
| -- |
Ndërmarrjet e vogla |
| 700 1# - |
| -- |
Hemphill, John Mearl, |
| 942 ## - ADDED ENTRY ELEMENTS (KOHA) |
| Source of classification or shelving scheme |
|
| Item type |
Books |